000
00320nam a2200133Ia 4500
100
_a
Gallagher/C.A/ Watson/H
942
_c
BK
654
_a
quantitative
245
_a
Quantitave methods for business decisions
260
_b
McGraw Hill
_a
New York
_c
1985
082
_a
658.4033
_b
GAL
300
_a
604
546
_a
ENGLISH
999
_c
20299
_d
20299